[Event "Bad Woerishofen op 34th"]
[Site "Bad Woerishofen"]
[Date "2018.03.01"]
[Round "7"]
[White "Meroni, Alberto"]
[Black "Goetz, Sibylle"]
[Result "1/2-1/2"]
[WhiteElo "1028"]
[BlackElo "1236"]
[PlyCount "38"]
[EventDate "2018.02.23"]
[EventType "swiss"]
[EventRounds "9"]
[EventCountry "GER"]
[SourceTitle "EXT 2019"]
[Source "ChessBase"]
[SourceDate "2018.10.10"]
[SourceVersion "1"]
[SourceVersionDate "2018.10.10"]
[SourceQuality "1"]

1. d4 Nc6 2. Nf3 g6 3. e3 Nf6 4. Nc3 d5 5. Be2 e6 6. 0-0 Bg7 7. b3 0-0 8. Bb2 b6 9. Bd3 Bd7 10. a3 Re8 11. b4 Qe7 12. Re1 a6 13. Qd2 a5 14. b5 Na7 15. a4 Rac8 16. e4 Nxe4 17. Nxe4 dxe4 18. Bxe4 h6 19. Bd3 f5 1/2-1/2